00845nam a22002177a 450000500170000001000150001702000270003203500140005903700090007308200140008224500870009626000380018327000910022130000250031250000190033770000330035670000350038994200250042499900190044995201590046820240816112222.0 aENG-141115 a9789354422577c2295.00 aEN-124647 bDBAD a791.4321 aBombay Cinema's:bIslamicate Histories/cEdited By Ira Bhaskar [and] Richard Allen aHyderabadbOrient BlackSwanc2022 a3-6-752 Himayat Nagar, TelenganabHyderabade500029mcentraloffice@orientblackswan.com axiii,424p.c24cm(pb) aIncludes index aBhaskar, Ira eEditor970098 aAllen, Richard eEditor970099 2ddccENh791.43mBOM c205067d205067 001040708NFICaKGMbKGMd2024-08-16eDelivery of Books Act Divisiong2295.00l0o791.43 BOMpEN-124647r2024-08-16 00:00:00t1v2295.00w2024-08-16yEN